• 首页
  • 本馆介绍
  • 公告通知
  • 最新文献
  • 馆藏检索
  • 电子资源
  • 读者导购
  • 参考咨询
  • 我的图书馆
  • 登录
  • 详细信息显示
  • 放入我的书架
  • 预约/预借图书
  • 作者相关作品
  • 分类相关作品
  • 丛书相关作品
  • 出版社相关作品

书目信息

  • 表格格式
  • 工作单格式
  • 卡片格式
题名:
青少年学生罪错案例分析
    
 
作者: 陈世佐 主编
分册:  
出版信息: 天津   天津人民出版社  1994
页数: 193页
开本: 20cm
丛书名:
单 册:
中图分类: D924.305 , D669.5
科图分类: 35.266
主题词: 案例-青少年犯罪--分析--中国 , 青少年犯罪-案例--分析--中国
电子资源:
ISBN: 7-201-01948-1
000 00856nam0 2200265 45
001 0195012096
005 20070721090603.95
010    @a7-201-01948-1@dCNY4.95
100    @a19950208d1994 em y0chiy0121 ea
101 0  @achi
102    @aCN@b120000
105    @ay z 000yy
200 10 @a青少年学生罪错案例分析@AQING SHAO NIAN XUE SHENG ZUI CUO AN LI FEN XI@f陈世佐等主编@FCHEN SHI ZUO DENG ZHU BIAN
210    @a天津@c天津人民出版社@d1994
215    @a193页@d20cm
330    @a分:违反宪法案例分析、违反民法案例分析、诉讼法案例分析等7章。
540 1  @a青少年 罪错@AQING SHAO NIAN ZUI CUO
606    @a案例-青少年犯罪@x分析@y中国
606    @a青少年犯罪-案例@x分析@y中国
690    @aD924.305@v三版
690    @aD669.5@v三版
692    @a35.266
701  0 @a陈世佐@ACHEN SHI ZUO@4主编
801  0 @aCN@bTSSF@c20070721
905    @a10447@dD669.5@e93
    
    青少年学生罪错案例分析/陈世佐等主编.-天津:天津人民出版社,1994
    193页;20cm
    
    
    ISBN 7-201-01948-1:CNY4.95
    分:违反宪法案例分析、违反民法案例分析、诉讼法案例分析等7章。
●
相关链接 在E读中查询图书 在五车中查询图书 在当当中查询图书 在豆瓣中查询图书


正题名:青少年学生罪错案例分析     索取号:D669.5/93         预约/预借

序号 登录号 条形码 馆藏地/架位号 状态 备注
1 0768297   207682970   第一样本阅览室/ [索取号:D669.5/93] 在馆    
唐山师范学院图书馆 欢迎您!
大连网信软件有限公司© 版权所有